| 000 | 00859nac a22002651u 4500 | ||
|---|---|---|---|
| 010 | _a 83000519 | ||
| 020 | _a0873957555 | ||
| 020 | _a0873957563 (pbk.) | ||
| 082 | 0 | 0 |
_a235 _bSHE |
| 090 |
_c9077 _d9077 |
||
| 100 | _aSherry, Patrick. | ||
| 245 | 1 | 0 |
_aSpirit, saints, and immortality / _cPatrick Sherry. |
| 260 |
_aAlbany : _bState University of New York Press,c1984. _cc1984. |
||
| 300 |
_a102 p. ; _c23 cm. |
||
| 500 | _aDistributer: Al-Ahram. | ||
| 504 | _aIncludes bibliographical references and index. | ||
| 511 | _aCatalogued By: Mahitab. | ||
| 650 | 0 | _aChristian saints. | |
| 650 | 0 | _aHoliness. | |
| 650 | 0 | _aHoly Spirit. | |
| 650 | 0 | _aImage of God. | |
| 650 | 0 | _aImmortality. | |
| 942 |
_cBB _k235SHE |
||
| 999 |
_c9077 _d9077 |
||